Sports Quiz

Random Sports or Nation Quiz

Formula One Grand Prix Winners Quiz Stats

 Plays Quiz Updated Dec 14, 2020

Support Sporcle.
Go Orange.
Score 0/110 Timer 12:00
97 Plays Today
Wins Answer % Correct
91Michael Schumacher
96.7%
95*Lewis Hamilton
95.4%
6Ralf Schumacher
94.5%
41Ayrton Senna
93.6%
32*Fernando Alonso
92.8%
53*Sebastian Vettel
92.3%
51Alain Prost
89.9%
1*Sergio Perez
86.2%
21*Kimi Räikkönen
85.4%
10*Max Verstappen
84.4%
15Jenson Button
84.3%
22Damon Hill
82.8%
1*Pierre Gasly
82.4%
23Nico Rosberg
82.4%
14Graham Hill
82.3%
3Phil Hill
81.7%
25Niki Lauda
81.4%
20Mika Häkkinen
81.3%
2*Charles Leclerc
79.1%
27Jackie Stewart
79.1%
5Keke Rosberg
78.6%
24Juan Manuel Fangio
78.1%
31Nigel Mansell
77.6%
9Mark Webber
77.6%
13David Coulthard
77.1%
7*Daniel Ricciardo
75.9%
11Felipe Massa
75.7%
1Jochen Mass
74.8%
9*Valtteri Bottas
74.6%
11Jacques Villeneuve
74.5%
6Gilles Villeneuve
74.2%
11Rubens Barrichello
70.8%
23Nelson Piquet
70.7%
1Pastor Maldonado
64.7%
25Jim Clark
64.2%
10James Hunt
64.1%
7Juan Pablo Montoya
63.8%
Wins Answer % Correct
14Emerson Fittipaldi
62.6%
12Mario Andretti
62.1%
14Jack Brabham
60.4%
13Alberto Ascari
57.6%
1Robert Kubica
55.9%
16Stirling Moss
55.9%
12Alan Jones
55.2%
10Gerhard Berger
52.9%
4Eddie Irvine
52.1%
3Giancarlo Fisichella
51.7%
1Jarno Trulli
51.1%
10Jody Scheckter
50.3%
6Jochen Rindt
49.2%
1Jean Alesi
48.1%
5Giuseppe Farina
46.3%
8Denny Hulme
43.7%
1Heikki Kovalainen
43.5%
1Olivier Panis
43.1%
6John Surtees
42.4%
4Bruce McLaren
42.4%
8Jacky Ickx
42.1%
10Ronnie Peterson
41.1%
3Mike Hawthorn
40.5%
3Heinz-Harald Frentzen
39%
3Johnny Herbert
38.6%
6Riccardo Patrese
37.6%
12Carlos Reutemann
36.1%
7René Arnoux
32.8%
5Clay Regazzoni
32.2%
3Thierry Boutsen
29.4%
5John Watson
28.5%
2Pedro Rodríguez
27.9%
5Michele Alboreto
26.9%
2Wolfgang von Trips
25.5%
3Didier Pironi
24.8%
6Jacques Laffite
24%
1Carlos Pace
22.5%
Wins Answer % Correct
4Dan Gurney
22.3%
1Francois Cevert
20.9%
2Froilán González
20.5%
6Tony Brooks
20.1%
2Elio de Angelis
20%
2Jean-Pierre Jabouille
20%
2Patrick Tambay
19.2%
3Peter Collins
19.1%
1Alessandro Nannini
18.7%
1Innes Ireland
17.4%
2Jo Siffert
17.2%
2Patrick Depailler
16.9%
1Gunnar Nilsson
16.3%
1Lorenzo Bandini
15.4%
2Peter Revson
15.3%
2Maurice Trintignant
14.8%
2Bill Vukovich
14.6%
1Luigi Fagioli
14.4%
1Richie Ginther
14.4%
1Vittorio Brambilla
14.1%
1Joakim Bonnier
13.9%
1Jean-Pierre Beltoise
13.8%
1Luigi Musso
13.6%
1Giancarlo Baghetti
13.3%
1Peter Gethin
13%
1Rodger Ward
11.9%
1Piero Taruffi
11.1%
1Ludovico Scarfiotti
10.9%
1Troy Ruttman
10.7%
1Lee Wallard
10.4%
1Sam Hanks
10.2%
1Jim Rathmann
10.1%
1Johnnie Parsons
10%
1Jimmy Bryan
8.7%
1Pat Flaherty
8.4%
1Bob Sweikert
8.3%

You're not logged in!

Compare scores with friends on all Sporcle quizzes.
OR
Log In

From the Vault

Celebrity Gun Show

by slipkid

These famous celebrities may have overestimated the strength in their biceps.
Remove Ads.
Support Sporcle.
Get the best of Sporcle when you Go Orange. This ad-free experience offers more features, more stats, and more fun while also helping to support Sporcle. Thank you for becoming a member.

Show Comments

Extras

Top Quizzes Today


Score Distribution

Your Account Isn't Verified!

In order to create a playlist on Sporcle, you need to verify the email address you used during registration. Go to your Sporcle Settings to finish the process.

Report this User

Report this user for behavior that violates our Community Guidelines.

Details: